00866nam a2200217 i 450000100060000000300090000600500170001500700030003200800410003510000250007624501900010125000150029126000430030630000270034970000440037670000280042070000290044885200320047799900170050995201220052682554ES-MaACL20230906174708.0t|041111s1971 sp ||||1| spa d1 aImbert, Jean.96521210aHistoria económica (de los orígenes a 1789) / cJean Imbert ; traducción de Armando Sáez ; revisión y puesta al día de la Bibliografía, Jaime Sobrequés y Manuel Feliú. a[1ª ed.]. a[Barcelona] : bVicens-Vives, c[1971] aXIV, 384 p. ; c22 cm.1 aSobrequés i Callicó, Jaume.91069971 aFeliú, Manuel.9491921 aSáez, Armando.9101346 aES-MaACLjC-56279 bR.89170 c82554d82554 00104070aATENEOMbATENEOMcDEPO2d2008-01-17eSCl0oC-56279p1086277r2023-02-23 00:00:00w2023-02-23yMONOGRAFIA